000
00290nam a22001337a 4500
008
170516b xxu||||| |||| 00| 0 eng d
020
_a
9780198203742
041
_a
eng
080
_a
94 (4)
100
_a
16
101
_a
SHH
245
_a
MODERN EUROPE
_c
BLANNING, T.C
942
_2
udc
_c
BK
999
_c
13404
_d
13404